000 00551nam a2200205Ia 4500
003 OSt
005 20250807174824.0
008 210423s2002 xx 000 0 und d
040 _cAL
041 _aEnglish
082 _a320
_bRAJD
100 _aNalini Rajan
_9121090
245 _aDemocracy and the limits of minority rights
260 _bSage Publications
_c2002
365 _b1825
_cINR
650 _aPolitical Science
_9121091
650 _aPolitical Science
_9121091
906 _aDemocracy ; limits ; minority ; rights
942 _2ddc
_cBK
999 _c173832
_d173832